000 002150000a22000970004500
100 1 _aWittig, Mark E.
245 1 0 _aRevenge : Romans 12:19
300 _aNum. 24 (2003), Página 30
773 0 _tTeartimes
942 _cANA
999 _c56054
_d56054